| 000 | 00718nam a22001937a 4500 | ||
|---|---|---|---|
| 005 | 20150622123609.0 | ||
| 008 | 150622b mxu||||| |||| 00| 0 spa d | ||
| 050 | 0 | 4 |
_aPN4784.W7 _b H33 2011 |
| 100 |
_aVelázquez Vargas, Hena Carolina, _ecom. |
||
| 245 |
_aHacia la construcción de un periodismo no sexista / _cVelázquez Vargas, Hena Carolina, com. |
||
| 250 | _a2a ed. | ||
| 260 |
_aMéxico : _bComunicación e Información de la Mujer ; UNESCO, _c2011 |
||
| 300 |
_a197 p. , _bil; _c21 cm. |
||
| 504 | _aIncluye índice | ||
| 650 | 4 |
_aPeriodismo _xEquidad de género _xmujeres periodistas |
|
| 700 |
_aVelázquez Vargas, Hena Carolina, _ecomp. |
||
| 700 |
_aLagunes Huerta, Lucia, _eed. |
||
| 942 |
_2lcc _cLIB |
||
| 999 |
_c96135 _d96135 |
||